000 00635nam a2200169Ia 4500
003 GCL
008 140319s9999 xx 000 0 ara d
040 _aGCL /
_cGCL
082 0 4 _aد
_b410.05
_bم م
100 1 _aمجمع فؤاد الاول للغة العربية
245 1 0 _aمجلة مجمع فؤاد الاول للغة العربية /
_cمجمع فؤاد الاول للغة العربية
260 _a[S.N] :
_bمجمع فؤاد الاول للغة العربية ،
_c1937
300 _aمتعدد الترقيم
490 _aتاريخ الاسلام فى الهند
_v0
650 0 4 _aدوريات
942 _2ddc
_cCF
999 _c26935
_d26935